00589nam a2200181 450000500170000002000180001708200170003508400250005210000250007724500420010225000120014426000570015630000100021370000230022394200120024699900190025895201300027720260421101030.0 a9789360744595 a363.7bANU.P 2Colon Classification aAnubha Kaushik99049 aPerspectives in environmental studies a8th ed. aNew Delhi:bNew age international publishers;c2025. a334p. aC P Kaushik913465 2ddccBK c758790d758790 00102ddc40708NFICaCAMPUSbCAMPUScGENd2026-04-21g425.00l0o363.7 ANU.PpUCL35771r2026-04-21 10:11:18w2026-04-21yBK